000 00523cam a2200205ua 4500
001 9614
008 160309n ii |||gr||||Z||||||eng
020 _a9780199460724
040 _cMAIN
041 _aeng
082 _a820
100 _aSarma, Gautam Kumar,
_eAuthor.
245 1 _aVibgyor
_cby Gautam Kumar Sarma and others
250 _a1st ed.
260 _aNew Delhi:
_bOxford university press,
_c2015.
300 _a68p.
653 _aEnglish.& Old English literatures
653 _aEnglish textbook
942 _cBK
999 _c8643
_d8643